Welcome to CU Library Online Public Access Catalogue (OPAC)

STORIES FROM THE OLD TESTAMENT (Record no. 6435)

MARC details
000 -LEADER
fixed length control field 00390nam a22001457a 4500
005 - DATE AND TIME OF LATEST TRANSACTION
control field 20250613085727.0
008 - FIXED-LENGTH DATA ELEMENTS--GENERAL INFORMATION
fixed length control field 250613b |||||||| |||| 00| 0 eng d
020 ## - INTERNATIONAL STANDARD BOOK NUMBER
International Standard Book Number 9780745938899
050 ## - LIBRARY OF CONGRESS CALL NUMBER
Classification number BS550
Item number .2 STO
245 ## - TITLE STATEMENT
Title STORIES FROM THE OLD TESTAMENT
Statement of responsibility, etc. FORWARDED BY MORRIS WEST
250 ## - EDITION STATEMENT
Remainder of edition statement VOL II
260 ## - PUBLICATION, DISTRIBUTION, ETC.
Place of publication, distribution, etc. ENGLAND
Name of publisher, distributor, etc. A BLION PUBLISHING
Date of publication, distribution, etc. c1998
300 ## - PHYSICAL DESCRIPTION
Extent 332p
942 ## - ADDED ENTRY ELEMENTS (KOHA)
Source of classification or shelving scheme Library of Congress Classification
Koha item type Books
Suppress in OPAC No
999 ## -
-- 6435
-- 6435
Holdings
Withdrawn status Lost status Source of classification or shelving scheme Damaged status Not for loan Collection Home library Current library Shelving location Date acquired Total checkouts Full call number Barcode Date last seen Copy number Price effective from Koha item type
    Library of Congress Classification     Non-fiction Undergraduate Library (Christ Temple) Undergraduate Library (Christ Temple) General stacks 06/13/2025   BS550.2 STO ulct00003232 06/13/2025 1 06/13/2025 Books
© 2023-2024 Copyright: Central University Libraries. All Rights Reserved | Created by: Mahone Tech Office